| 000 | 00341nam a2200121Ia 4500 | ||
|---|---|---|---|
| 005 | 20251222142010.0 | ||
| 008 | 251222s9999||||xx |||||||||||||| ||spa|| | ||
| 082 | _a465/H41 | ||
| 100 | _aRamírez, Luis Hernán | ||
| 245 | 0 | _aEl Acento Escrito Fundamentos Teóricos y Lingüísticos | |
| 264 | _bUniversidad Mayor de San Marcos | ||
| 942 | _cLIB | ||
| 999 |
_c10299 _d10299 |
||